00349nam a2200109Ia 4500008004100000082001700041100002200058245004700080260004500127300001700172650005000189230907s9999||||xx |||||||||||||| ||und|| a823.912bCHR aWestmacott, Mary, 2aA daughter's a daughter and other novels : aSt. Martin's Minotaur,bNew York :c2017 avi, 617 p. ; aEnglish Literature Fiction. Fiction. Fiction.